000 00660cam a22001934a 4500
005 20250605164024.0
008 250528s ||||||||||||||||||||||||d
035 _a16442
020 _a61219800
040 _aGR-AtMCL
_bgre
_dGR-AtMCL
_eAACR2
245 1 _aPilgrim at Tinker Creek
260 _bHarper'S Magazine Press,
_c1974
300 _a276
520 _aHeaven and Earth in Jest, Seeing, Winter, The Fixed, Untying the Knot, The Present, Spring, Intricacy, Flood, Fecundity, Stalking, Nightwatch, The Horns of the Altar, Northing, The Waters of Separation.
700 1 _aDillard Annie
_92538
942 _cBK
999 _c1942
_d1942